=LDR 00000nam 2200000 4500 =001 NUTBA000000000002137 =005 20140605090728.0 =006 =007 =008 =020 ##$$a 979-17094-4-0 =035 ##$$a 0010-061400000000080 =040 ##$$a NBPDMAT =082 ##$$a 616.462 =090 ##$$a 616.462 $b Ihs h =100 ##$$a Ihsan Soebroto =245 ##$$a Hidup bahagia dengan diabetes / $c Ihsan Soebroto =250 ##$$a Cet.1 =260 ##$$a Jogyakarta : $b Bangkit, $C 2009 =300 ##$$a183 hlm. ; $c 19 cm. =650 ##$$a Diabetes =850 ##$$a NBPDMAT =990 ##$$a 21400147